<?xml version="1.0" encoding="UTF-8"?>
<collection xmlns="http://www.loc.gov/MARC21/slim">
<record>
  <controlfield tag="001">6662</controlfield>
  <controlfield tag="005">20250103100549.0</controlfield>
  <datafield tag="024" ind1="7" ind2=" ">
    <subfield code="a">10.25518/0037-9565.11641</subfield>
    <subfield code="2">DOI</subfield>
  </datafield>
  <datafield tag="037" ind1=" " ind2=" ">
    <subfield code="a">SCART-2024-0040</subfield>
  </datafield>
  <datafield tag="100" ind1=" " ind2=" ">
    <subfield code="a">Merle, T.</subfield>
  </datafield>
  <datafield tag="245" ind1=" " ind2=" ">
    <subfield code="a">Dancing with the stars: a review on stellar multiplicity </subfield>
  </datafield>
  <datafield tag="260" ind1=" " ind2=" ">
    <subfield code="c">2024</subfield>
  </datafield>
  <datafield tag="520" ind1=" " ind2=" ">
    <subfield code="a">Stars like company. They are mostly formed in clusters and their lives are often altered by the presence of one or more companions. Interaction processes between components may lead to complex outcomes like Algols, blue stragglers, chemically altered stars, type Ia supernovae, as well as progenitors of gravitational wave sources, to cite a few. Observational astronomy has entered the era of big data, and thanks to large surveys like spatial missions Kepler, TESS, Gaia, and ground-based spectroscopic surveys like RAVE, Gaia-ESO, APOGEE, LAMOST, GALAH (to name a few) the field is going through a true revolution, as illustrated by the recent detection of stellar black holes and neutron stars as companions of massive but also low-mass stars. In this review, I will present why it is important to care about stellar multiples, what are the main large surveys in which many binaries are harvested, and finally present some features related to the largest catalogue of astrometric, spectroscopic and eclipsing binaries provided by the Non-Single Star catalogue of Gaia, which is, to date, the largest homogeneous catalogue of stellar binaries. </subfield>
  </datafield>
  <datafield tag="536" ind1=" " ind2=" ">
    <subfield code="a">Prf-2020-033_BISTRO/</subfield>
    <subfield code="c">Prf-2020-033_BISTRO/</subfield>
    <subfield code="f">Prf-2020-033_BISTRO</subfield>
  </datafield>
  <datafield tag="594" ind1=" " ind2=" ">
    <subfield code="a">NO</subfield>
  </datafield>
  <datafield tag="653" ind1="1" ind2=" ">
    <subfield code="a">binary stars</subfield>
  </datafield>
  <datafield tag="653" ind1="1" ind2=" ">
    <subfield code="a">stellar multiplicity</subfield>
  </datafield>
  <datafield tag="653" ind1="1" ind2=" ">
    <subfield code="a">spectroscopic binaries</subfield>
  </datafield>
  <datafield tag="653" ind1="1" ind2=" ">
    <subfield code="a">eclipsing binaries</subfield>
  </datafield>
  <datafield tag="653" ind1="1" ind2=" ">
    <subfield code="a">astrometric binaries</subfield>
  </datafield>
  <datafield tag="773" ind1=" " ind2=" ">
    <subfield code="p">Bulletin de la Société Royale des Sciences de Liège</subfield>
    <subfield code="v">93</subfield>
    <subfield code="y">2024</subfield>
    <subfield code="n">No 2</subfield>
    <subfield code="c">170--214</subfield>
  </datafield>
  <datafield tag="856" ind1="0" ind2=" ">
    <subfield code="f">thibault.merle@ksb-orb.be</subfield>
  </datafield>
  <datafield tag="856" ind1="4" ind2="2">
    <subfield code="a">https://ui.adsabs.harvard.edu/abs/2023arXiv231109764M/abstract</subfield>
  </datafield>
  <datafield tag="905" ind1=" " ind2=" ">
    <subfield code="a">accepted to be published in</subfield>
  </datafield>
  <datafield tag="980" ind1=" " ind2=" ">
    <subfield code="a">REFERD</subfield>
  </datafield>
</record>
</collection>